De tropeles y tropelias

Guardat en:
Dades bibliogràfiques
Autor principal: Ramírez Mercado, Sergio 1942
Format: Document de govern Llibre
Idioma:Spanish
Publicat: Managua, Nicaragua El pez y la serpiente 1976
Edició:3. edición
Matèries:
Etiquetes: Afegir etiqueta
Sense etiquetes, Sigues el primer a etiquetar aquest registre!

MARC

LEADER 00000nam a22000007a 4500
008 131127s1976 p ||||g |||| 00| f spa d
040 |a cru CIICLA Universidad de Costa Rica 
086 |a N863.4 R173d3 
100 1 |9 44  |a Ramírez Mercado, Sergio  |d 1942 
245 1 0 |a De tropeles y tropelias  |c Sergio Ramírez 
250 |a 3. edición 
260 |a Managua, Nicaragua  |b El pez y la serpiente  |c 1976 
300 |a 108 páginas 
650 |9 54  |a LITERATURA NICARAGUENSE  |v CUENTOS 
942 |2 ddc  |c BK 
999 |c 2613  |d 2613